Goethe
Kaydedildi:
| Yazar: | |
|---|---|
| Materyal Türü: | Kitap |
| Dil: | İspanyolca |
| Baskı/Yayın Bilgisi: |
Buenos Aires
Prometeo Libros
2005
|
| Konular: | |
| Etiketler: |
Etiketle
Etiket eklenmemiş, İlk siz ekleyin!
|
MARC
| LEADER | 00000cam a2200000 a 4500 | ||
|---|---|---|---|
| 001 | UCF3314 | ||
| 003 | CL-VaPUC | ||
| 008 | 121004e20050000AG |||||||||||||||||spa|d | ||
| 020 | |a 9875740586 | ||
| 082 | 0 | 4 | |a 833.09 |b SIM |2 21 |
| 100 | 0 | |a Simmel, Georg |e author |9 368203 | |
| 245 | 1 | 0 | |a Goethe |
| 300 | |a 228 p | ||
| 942 | |c BK | ||
| 945 | |d 20121004 00:00:00 |a dcastane | ||
| 260 | |a Buenos Aires |b Prometeo Libros |c 2005 | ||
| 650 | 0 | |a Filosofía alemana |9 265002 | |
| 650 | 7 | |a ENSAYOS ALEMANES |2 CL-VaPUC |9 265772 | |
| 650 | 0 | |a Literatura alemana |9 265457 | |
| 650 | 0 | |a Crítica e interpretación |9 255042 | |
| 583 | |a last modification |c 20121004 18:42:00 |k Rodrigo Vera | ||
| 999 | |c 349749 |d 349747 | ||
| 952 | |0 0 |1 0 |4 0 |6 833_090000000000000_SIM_2005 |7 0 |8 A |9 452518 |a BIBART |b BIBART |d 2019-11-22 |i 4912918 |o 833.09 SIM 2005 |p 4912918 |r 2025-03-13 |w 2019-11-22 |y BK |k ART | ||